| 000 | 00791nam a2200277 a 4500 | ||
|---|---|---|---|
| 003 | AR-BaBNM | ||
| 005 | 20251128204109.0 | ||
| 008 | 082120s2002 ||||||||||||||000 | spa|| | ||
| 020 | _a950-25-0081-4 | ||
| 040 | _cAR-BaBNM | ||
| 100 | 1 | _aFerrero, Roberto A. | |
| 245 | 0 | 0 |
_aSabattini y la democracia del yrigoyenismo _n2 |
| 260 |
_aBuenos Aires _bCentro Editor de América Latina _c1984 |
||
| 300 | _ap. 111-215 | ||
| 490 | 0 |
_aBiblioteca política Argentina _vv. 82 |
|
| 610 | 2 | 4 | _aUnión Cívica Radical [Argentina] |
| 650 | 4 | _aHISTORIA ARGENTINA | |
| 650 | 4 | _aPOLITICA | |
| 650 | 4 | _aHISTORIA DE LAS IDEAS | |
| 650 | 4 | _aIDEOLOGIAS POLITICAS | |
| 650 | 4 | _aHISTORIA CORDOBESA | |
| 651 | 4 | _aArgentina | |
| 800 | 1 |
_aTroncoso, Oscar _edirector |
|
| 942 | _cBK | ||
| 998 | _cenrique | ||
| 999 |
_c6157 _d6157 |
||